Biodiversity hotspot tropical mountain rainforest (Registro nro. 19380)

Detalles MARC
000 -CABECERA
Campo de control 00695nam a22002297a 4500
005 - FECHA Y HORA DE LA ULTIMA TRANSACCION
Campo de control 20170304100312.0
008 - ELEMENTOS DE LONGITUD FIJA—INFORMACION GENERAL
Campo de control 170304b ec ||||| |||| 00| 0 spa d
020 ## - ISBN
ISBN 9789942145383
040 ## - FUENTE DE CATALOGACIÓN
Agencia catalogadora original CO-BoIAVH
Agencia transcriptora CO-BoIAVH
041 ## - IDIOMA
Código de idioma para texto/pista de sonido o título separado Inglés
044 ## - PAÍS DE PUBLICACIÓN
País de publicación Ecuador
082 1# - NUMERO DE CLASIFICACION DECIMAL DEWEY
Número de clasificación 578.730913
Número del ítem B67b
100 1# - ASIENTO PRINCIPAL--NOMBRE PERSONAL
Nombre personal Bogner, Franz X.
Término relacionado autor
9 (RLIN) 80254
245 10 - MENCION DE TITULO
Título Biodiversity hotspot tropical mountain rainforest
260 ## - PUBLICACION, DISTRIBUCION, ETC. (PIE DE IMPRENTA)
Lugar de publicación, distribución, etc. Loja:
Nombre del editor, distribuidor, etc. NCI Foundation,
Fecha de publicación, distribución, etc. 2016.
300 ## - DESCRIPCION FISICA
Extensión 150 páginas
Otros detalles físicos fotografías a color
650 1# - ASIENTO SECUNDARIO DE MATERIA - TERMINO TEMATICO
Término temático o nombre geográfico como elemento de entrada Biodiversity hotspot
9 (RLIN) 80255
650 1# - ASIENTO SECUNDARIO DE MATERIA - TERMINO TEMATICO
Término temático o nombre geográfico como elemento de entrada Selva tropical de montaña
9 (RLIN) 80256
700 1# - ASIENTO SECUNDARIO - NOMBRE PERSONAL
Nombre personal Bendiz, Jörg
Término de relación autor
9 (RLIN) 80257
700 1# - ASIENTO SECUNDARIO - NOMBRE PERSONAL
Nombre personal Beck, Erwin
Término de relación autor
9 (RLIN) 80258
942 ## - ELEMENTOS ADICIONALES (KOHA)
Sistema de clasificación Dewey Decimal Classification
Tipo de ítem Libro
Existencias
Withdrawn status Lost status Sistema de Clasificación Damaged status No para préstamo Colección Inventariado Ubicación Permanente Ubicación actual Fecha de adquisición Fuente de Valor Valor Total Checkouts Número topográfico Inventario / Código de Barras Date last seen Ejemplar Price effective from Forma de adquisición Tipo de material
    Dewey Decimal Classification     General Inventariado 2017 Bogotá Bogotá 04/03/2017 Instituto 39000.00   LB-578.730913 B67b 042578 04/03/2017 Ej. 1 04/03/2017 Donación Libro